| 000 | 00954nam a2200265Ia 4500 | ||
|---|---|---|---|
| 005 | 20210804101028.0 | ||
| 008 | 130821s1988 sp gr spa | ||
| 020 | _a8475094872 | ||
| 040 |
_aCo-BoUCM _bspa _cDeissy Garcia (modificó) _d[Nuevo] |
||
| 041 | 0 | 0 | _aspa |
| 100 | 1 |
_aWertsch, James V. _9104450 |
|
| 245 | 1 | 0 |
_aVygotsky y la formación social de la mente _cJames V. Wertsch |
| 260 |
_aBarcelona (España) _bPaidos _c1988 |
||
| 300 | _a259 páginas | ||
| 490 |
_aBiblioteca Cognición y Desarrollo Humano _v17 |
||
| 500 | _aBibliografía Básica - Escuela de Medicina y Ciencias de la Salud | ||
| 504 | _aIncluye referencias bibliográficas | ||
| 650 | 0 | 4 |
_aCognición _911099 |
| 650 | 0 | 4 |
_aCognición _vAspectos sociales _911099 |
| 650 | 0 | 4 |
_aPsicolingüística _922796 |
| 650 | 0 | 4 |
_aPsicología _98001 |
| 650 | 0 | 4 |
_aSemiótica _924186 |
| 942 |
_cLIBRORESER _2DEWEY _a9 _e1 _h153.0924 _mW499v _n0 |
||
| 999 |
_c57870 _d57870 |
||